Overenie modifikácie Hercheho merania hodnôt
Skúmanie spotrebiteľov s cieľom spoznania ich psychografických charakteristík a životného štýlu. Lepšie pochopenie spotrebiteľa ako jedinca zisťovaním jeho rozmanitých psychologických vlastností, spôsobu života, vecí, o ktoré sa zaujíma, hodnotového rebríčka. Systém hodnôt podľa Rokeacha. Systém hod...
Uložené v:
| Hlavný autor: | |
|---|---|
| Médium: | Kapitola |
| Jazyk: | Slovak |
| Predmet: | |
| Tagy: |
Žiadne tagy, Buďte prvý, kto otaguje tento záznam!
|
MARC
| LEADER | 00000nla a2200000 4500 | ||
|---|---|---|---|
| 001 | 0164232 | ||
| 005 | 20240502072849.8 | ||
| 041 | 0 | |a slo | |
| 044 | |a SK | ||
| 245 | 1 | 0 | |a Overenie modifikácie Hercheho merania hodnôt |c Dana Vokounová |
| 520 | |a Skúmanie spotrebiteľov s cieľom spoznania ich psychografických charakteristík a životného štýlu. Lepšie pochopenie spotrebiteľa ako jedinca zisťovaním jeho rozmanitých psychologických vlastností, spôsobu života, vecí, o ktoré sa zaujíma, hodnotového rebríčka. Systém hodnôt podľa Rokeacha. Systém hodnôt podľa Kahleho. Systém hodnôt podľa Hercheho a jeho aplikácia. | ||
| 610 | 2 | 0 | |a spotrebitelia |
| 610 | 2 | 0 | |a správanie spotrebiteľa |
| 610 | 2 | 0 | |a hodnota |
| 610 | 2 | 0 | |a štýl životný |
| 610 | 2 | 0 | |a práca |
| 610 | 2 | 0 | |a bezpečnosť |
| 100 | 1 | |a Vokounová, Dana, 1962- | |